Evaluation of antifungal potential of leaf extract of Chenopodium murale against Fusarium oxysporum f. sp. lycopersici (Registro n. 9111)
[ somente texto ]
| 000 -LÍDER | |
|---|---|
| fixed length control field | 03912nab a2200277 i 4500 |
| 003 - CÓDIGO MARC DA AGÊNCIA CATALOGADORA | |
| Campo de controle | BR-BrBNA |
| 005 - DATA E HORA DA ÚLTIMA ATUALIZAÇÃO | |
| Campo de controle | 20230912101529.0 |
| 008 - CAMPO DE TAMANHO FIXO | |
| fixed length control field | 230515b2019 bl.ar|pooa||| 00| 0 eng | |
| 040 ## - FONTE DA CATALOGAÇÃO | |
| Agência catalogadora | BR-BrBNA |
| Idioma da catalogação | eng |
| 072 ## - CATEGORIA AGRIS | |
| Código AGRIS | H20 |
| Código do objeto | 1850 |
| 100 ## - ENTRADA PRINCIPAL - NOME PESSOAL | |
| Nome pessoal | Naqvi, S.F. |
| 100 ## - ENTRADA PRINCIPAL - NOME PESSOAL | |
| Nome pessoal | Javaid, A. |
| 100 ## - ENTRADA PRINCIPAL - NOME PESSOAL | |
| Nome pessoal | Qureshi, M.Z. |
| 245 ## - TÍTULO PRINCIPAL | |
| Título principal | Evaluation of antifungal potential of leaf extract of Chenopodium murale against Fusarium oxysporum f. sp. lycopersici |
| 500 ## - NOTA GERAL | |
| Nota geral | Publicação on-line; 38 ref.; 3 tables; 5 illus.; Summaries (En, Pt) |
| 942 ## - ADDED ENTRY ELEMENTS (KOHA) | |
| Koha item type | |
| 520 ## - NOTA DE RESUMO | |
| Nota de conteúdo | <br/><br/>ABSTRACT - The present study was performed to evaluate antifungal activity and<br/>GC-MS analysis of leaf extract of Chenopodium mural against Fusarium oxysporum<br/>f. sp. lycopersici (FOL), a highly problematic soil-borne pathogen of tomato. Dried<br/>leaves of C. murale were extracted with methanol for 2 weeks and after evaporating<br/>the solvent on a rotary evaporator, antifungal bioassay was carried out against FOL.<br/>All concentrations (1 to 5%) significantly reduced FOL biomass by 14-45%. The<br/>remaining methanolic extract was fractioned with n-hexane, chloroform and ethyl<br/>acetate and all these fractions were assayed for their antifungal potential. A<br/>200 mg mL-1 concentration of various sub-fractions reduced fungal biomass<br/>significantly by 94-98% over control. All the sub-fractions were subjected to GC-MS<br/>analysis that revealed presence of 32 compounds in n-hexane, 2 compounds in<br/>chloroform and 13 compounds in ethyl acetate sub-fraction. The predominant<br/>compounds in n-hexane sub-fraction were hexadecanoic acid, methyl ester (14.64%),<br/>methyl linolenate (16.61%) and g-sitosterol (13.53%). In chloroform sub-fraction, bis<br/>(2-ethylhexyl) phthalate (92.31% and in ethyl-acetate sub-fraction, ethyl butyrate<br/>(19.57%), dihexyl phthalate (11.19%) and dioctyl phthalate (12.16%) were present in<br/>higher concentration.<br/><br/>Keywords: Fusarium wilt, GC-MS analysis, tomato.<br/> |
| 520 ## - NOTA DE RESUMO | |
| Nota de conteúdo | <br/><br/>RESUMO - O presente estudo foi realizado para avaliar a atividade antifúngica e<br/>a análise por CG-EM do extrato de folhas de Chenopodium murale contra<br/>Fusarium oxysporum f. sp. lycopersici (FOL), um patógeno de tomate altamente<br/>problemático no solo. Folhas secas de C. murale foram extraídas com metanol por<br/>duas semanas e, após a evaporação do solvente em evaporador rotatório, foi<br/>realizado um bioensaio antifúngico contra a FOL. Todas as concentrações (1% a<br/>5%) reduziram significativamente a biomassa de FOL em 14-45%. O restante do<br/>extrato metanólico foi fracionado com n-hexano, clorofórmio e acetato de etila, e<br/>todas essas frações foram analisadas quanto ao seu potencial antifúngico. Uma<br/>concentração de 200 mg mL-1 de várias subfrações reduziu significativamente a<br/>biomassa fúngica em 94-98%, em relação ao controle. Todas as subfrações foram<br/>submetidas à análise por GC-MS, que revelou a presença de 32 compostos em nhexano, <br/>2 compostos em clorofórmio e 13 compostos em subfração de acetato de<br/>etila. Os compostos predominantes na subfração n-hexano foram ácido<br/>hexadecanoico, metil éster (14,64%), metil linolenato (16,61%) e g-sitosterol<br/>(13,53%). Na subfração de clorofórmio, o bis (2-etil-hexil) ftalato (92,31%) e, na<br/>subfração etil-acetato, etilbutirato (19,57%), di-hexil ftalato (11,19%) e<br/>dioctilftalato (12,16%) estavam presentes em maior concentração.<br/><br/>Palavras-chave: Fusariose, análise por GC-MS, tomate. |
| 650 ## - ASSUNTO - THESAGRO | |
| Cabeçalho tópico ou nome geográfico | FUSARIOSE |
| 650 ## - ASSUNTO - THESAGRO | |
| Cabeçalho tópico ou nome geográfico | TOMATE |
| 650 ## - ASSUNTO - THESAGRO | |
| Cabeçalho tópico ou nome geográfico | FUNGICIDA |
| 650 ## - ASSUNTO - THESAGRO | |
| Cabeçalho tópico ou nome geográfico | EXTRATO VEGETAL |
| 773 0# - ENTRADA ANALÍTICA | |
| Host Biblionumber | 886 |
| Registro do item | 1816 |
| Imprenta | Londrina-PR : Sociedade Brasileira da Ciência das Plantas Daninhas, 1978 |
| Outro identificador | 2023-031023 |
| Título | Planta Daninha (Brazil) |
| ISSN | 0100-8358; 1806-9681 (on-line) |
| Colação | v. 37 p. 1-10; (2019) |
| Número de controle de registro | BR2023000366 |
| 856 ## - ACESSO E ENDEREÇO ELETRÔNICO | |
| Identificador uniforme de recurso - URI | https://www.scielo.br/j/pd/a/y94v59hrSgXjzRBDyNmXDXM/?format=pdf&lang=en |
Nenhum exemplar disponível.

BINAGRI